| 000 | 00624nam a2200217 a 4500 | ||
|---|---|---|---|
| 005 | 20140311163027.0 | ||
| 008 | 080930s19uu xx 00 eng d | ||
| 020 | _a978-0-07-147241-8 | ||
| 050 |
_aRT 89 _b.M4364 2007 |
||
| 100 | _aMcEachen, Irene | ||
| 245 | _aNurse management demystified. | ||
| 260 |
_aNew York : _bMcGraw-Hill, _c2007. |
||
| 300 |
_a252 p. : _c25 cm. |
||
| 521 | _aNUR | ||
| 650 | _aNursing Books. | ||
| 650 | _aNurse administrators. | ||
| 650 |
_aNursing services _xAdministration. |
||
| 650 |
_aNursing, supervisory _xorganization & administration. |
||
| 942 |
_cBK _2lcc _kFOR |
||
| 999 |
_c39564 _d39564 |
||